|
|
|
|
| LEADER |
01510nam a2200361 4500 |
| 001 |
c000135946 |
| 003 |
CARM |
| 005 |
00000000000000.0 |
| 008 |
720302s1972 njuh b 00100 eng |
| 019 |
1 |
|
|a 108094
|5 LACONCORD2021
|
| 020 |
|
|
|a 0810805189
|
| 035 |
|
|
|a (OCoLC)267935
|5 LACONCORD2021
|
| 041 |
1 |
|
|a engger
|
| 043 |
|
|
|a e-gx---
|
| 050 |
0 |
0 |
|a Z1023
|b .M99213
|
| 100 |
1 |
|
|a Muther, Richard,
|d 1860-1909.
|
| 240 |
1 |
0 |
|a Deutsche Bucherillustration der Gothik und Fruhrenaissance.
|l English
|
| 245 |
1 |
0 |
|a German book illustration of the Gothic period and the early Renaissance (1460-1530).
|c Translated by Ralph R. Shaw.
|
| 260 |
|
|
|a Metuchen, N.J.,
|b Scarecrow Press,
|c 1972.
|
| 300 |
|
|
|a xxii, 566 p.
|b facsims.
|c 28 cm.
|
| 500 |
|
|
|a Translation of Die deutsche Bucherillustration der Gothik und Fruhrenaissance (1460-1530).
|
| 504 |
|
|
|a Includes bibliographical references.
|
| 650 |
|
0 |
|a Illustrated books
|y 15th and 16th centuries
|x Bibliography.
|
| 650 |
|
0 |
|a Wood-engraving, German
|x History.
|
| 650 |
|
0 |
|a Printing
|z Germany
|x History.
|
| 650 |
|
0 |
|a Incunabula
|z Germany
|x Bibliography.
|
| 650 |
|
0 |
|a Incunabula
|x Facsimiles.
|
| 650 |
|
0 |
|a Rare books
|z Germany
|x Bibliography.
|
| 650 |
|
0 |
|a Illustrated books
|z Germany
|x Bibliography.
|
| 852 |
8 |
|
|b CARM
|h A2:AE15C0
|i D00156
|p 0023073
|f BK
|
| 082 |
0 |
4 |
|a 001.55/2
|
| 999 |
f |
f |
|i c2d3c82e-c41b-5083-b285-b85b1cf46daa
|s 8d169f1f-116f-526a-b735-c28ba7bfe7f7
|
| 952 |
f |
f |
|p Can circulate
|a CAVAL
|b CAVAL
|c CAVAL
|d CARM 1 Store
|e D00156
|f A2:AE15C0
|h Other scheme
|i book
|m 0023073
|